Statistics for Juventus squad 2019-2020

Click here to take the quiz!

General Stats

  • This quiz has been taken 768 times
    (752 since last reset)
  • The average score is 20 of 30

Answer Stats

PositionNationNumberPlayer% Correct
STPortugal7Cristiano Ronaldo
94%
CBItaly3Giorgio Chiellini
93%
CAMArgentina10Paulo Dybala
91%
RWColombia16Juan Cuadrado
87%
CBItaly19Leonardo Bonucci
86%
CMBosnia5Miralem Pjanic
86%
CMWales8Aaron Ramsey
85%
LBBrazil12Alex Sandro
85%
STArgentina9Gonzalo Higuain
85%
CDMFrance14Blaise Matuidi
79%
STCroatia17Mario Mandzukic
79%
CDMGermany6Sami Khedira
79%
RWBrazil11Douglas Costa
78%
GKPoland1Wojciech Szczesny
78%
CMGermany23Emre Can
77%
GKItaly77Gianluigi Buffon
74%
RBPortugal20Joao Cancelo
66%
CMUruguay30Rodrigo Bentancur
65%
CMFrance25Adrien Rabiot
63%
RBItaly2Mattia de Sciglio
62%
CoachItaly-Maurizio Sarri
61%
CBTurkey-Merih Demiral
59%
CBItaly24Daniele Rugani
57%
RWItaly33Federico Bernardeschi
54%
GKItaly22Mattia Perin
53%
LWCroatia-Marko Pjaca
49%
STItaly18Moise Kean
49%
GKItaly21Carlo Pinsoglio
41%
LBItaly-Luca Pellegrini
21%
CBNetherlands4Mathijs de Ligt
11%

Score Distribution

Percentile by Number Answered

Percent of People with Each Score

Your Score History

You have not taken this quiz since the last reset